000 00322 a2200133 4500
000 nam a22 7a 4500
100 _aCrabtree, Benjamin F.
110 _aCrabtree, Benjamin F.
245 _aDoing Qualitative Research
250 _aLatest edition
260 _bSage
_c2023
264 _bSage
_c2023
942 _cBK
999 _c396743
_d396743